| 000 | 00651cab a22001935a 4500 | ||
|---|---|---|---|
| 001 | L152084 | ||
| 008 | 110131e20110128xxkd f 000 0 eng d | ||
| 035 | _a(Sirsi) u152084 | ||
| 041 | 0 | _aeng | |
| 100 | 1 | _aFordham, Peter | |
| 245 | 0 | 0 |
_aMarket forecast _bdepth gauge |
| 260 | _c2011 | ||
| 490 | 0 |
_aBuilding _v276(8663) 28 January 2011, 58-62(5) |
|
| 520 | _aCost of materials will rise; executive summary; trends and forecast; key issues for the global economy and construction in 2011; activity indicators; building cost index. | ||
| 590 | _aKA | ||
| 651 | 4 |
_aUnited Kingdom _y |
|
| 690 | _aBUILT ENVIRONMENT-CONSTRUCTION MARKET | ||
| 942 | _n0 | ||
| 999 |
_c82890 _d82890 |
||